A képviselő választásról

Pripravované voľby do parlamentu prostredníctvom žúp. Humenné (obvod volebný)-1.06.1910 zriadené budú 3 komisie. Ich predsedovia.. Do humenského obvodu patrili okresy Humenné, Medzilaborce, Snina, Vranov a Stropkov. Kandidát za stranu nezávislých Alexander (Sándor) Andrássy a protikandidát za ľudovu...

Celý popis

Podrobná bibliografia
Médium: Článok
Jazyk:Hungarian
Témy:
Zdroj: 1. Felvidéki Hirlap : Közgazdasági, társadalmi és szépirodalmi hetilap 1. Roč. 3, č. 21 (22.05.1910) s. 2
LEADER 01174nab#a2200289#ar4500
001 000063621
003 SVKKK
005 19970320xxxxxxx.
008 06 c xo huno
FMT
038 |a SVKKK 
040 |a SVKKK  |b slo  |e AACR2 
041 0 |a hun 
044 |a xo  |c SK 
080 |a 323 
242 1 0 |a O poslaneckých voľbách 
245 0 0 |a A képviselő választásról 
520 2 |a Pripravované voľby do parlamentu prostredníctvom žúp. Humenné (obvod volebný)-1.06.1910 zriadené budú 3 komisie. Ich predsedovia.. Do humenského obvodu patrili okresy Humenné, Medzilaborce, Snina, Vranov a Stropkov. Kandidát za stranu nezávislých Alexander (Sándor) Andrássy a protikandidát za ľudovu stranu (Miklós) Mikuláš Lehótsky z obce Slovenská Kajňa. 
650 0 4 |a politika vnútorná - poslanci parlamentní (kandidáti) - voľby župné - Humenné (obvod volebný) - informácie 
773 0 |t Felvidéki Hirlap : Közgazdasági, társadalmi és szépirodalmi hetilap  |g Roč. 3, č. 21 (22.05.1910) s. 2 
957 |a Humenné 
958 |a DG 
958 |a SK 
974 |a Ba  |d 19970320 
992 |a RBX 
BAS
998 |a RETRO